Statistics for Flower Face's 'Cornflower Blue' Lyrics

Click here to take the quiz!

General Stats

  • This quiz has been taken 2 times
  • The average score is 140 of 182

Answer Stats

Answer% Correct
a
100%
And
100%
Are
100%
blue
100%
by
100%
cornflower
100%
do?
100%
do
100%
don't
100%
down
100%
go
100%
I
100%
if
100%
I'll
100%
I'm
100%
in
100%
In
100%
love
100%
me
100%
more
100%
my
100%
of
100%
out
100%
that
100%
the
100%
they
100%
we
100%
when
100%
Who
100%
will
100%
won't
100%
you
100%
You
100%
your
100%
you're
100%
about
50%
all
50%
at
50%
baby,
50%
baby
50%
bits
50%
bloom
50%
Bruised
50%
core
50%
days
50%
door
50%
eating
50%
Even
50%
face
50%
floor
50%
fly
50%
freezing
50%
gone?
50%
goodnight
50%
home
50%
just
50%
kitchen
50%
lay
50%
let
50%
like
50%
lips
50%
lovers
50%
mangled
50%
medicine
50%
middle
50%
Moonlight
50%
morning
50%
on
50%
paints
50%
promise
50%
ran
50%
say
50%
sight
50%
sleeping
50%
So
50%
take
50%
talk
50%
Then
50%
things
50%
think
50%
tie
50%
'til
50%
til
50%
to
50%
tracks
50%
train
50%
trains
50%
turn
50%
waiting
50%
wanna
50%
watercolour
50%
way
50%
wear
50%
what
50%
with
50%
would
50%
Now
0%
till
0%

Score Distribution

Percentile by Number Answered

Percent of People with Each Score

Your Score History

You have not taken this quiz